Boats with wings and other stories / (Record no. 47776)

MARC details
000 -LEADER
fixed length control field 00579nam a22001697a 4500
005 - DATE AND TIME OF LATEST TRANSACTION
control field 20100925151741.0
008 - FIXED-LENGTH DATA ELEMENTS--GENERAL INFORMATION
fixed length control field 100925t xxu||||| |||| 00| 0 eng d
020 ## - INTERNATIONAL STANDARD BOOK NUMBER
International Standard Book Number 8172231393
Terms of availability 30.00
035 ## - SYSTEM CONTROL NUMBER
System control number A-726532
082 ## - DEWEY DECIMAL CLASSIFICATION NUMBER
Classification number S
100 ## - MAIN ENTRY--PERSONAL NAME
Personal name Chakraborty, Saibal
9 (RLIN) 21697
245 ## - TITLE STATEMENT
Title Boats with wings and other stories /
Statement of responsibility, etc by Saibal Chakraborty
260 ## - PUBLICATION, DISTRIBUTION, ETC. (IMPRINT)
Place of publication, distribution, etc New Delhi
Name of publisher, distributor, etc HarperCollins Publishers
Date of publication, distribution, etc 1994
300 ## - PHYSICAL DESCRIPTION
Extent 101p.
Other physical details ill.
Dimensions 18cm (pbk)
942 ## - ADDED ENTRY ELEMENTS (KOHA)
Source of classification or shelving scheme Dewey Decimal Classification
Item type Children Books
Classification part S
Call number suffix CHA
Holdings
Withdrawn status Lost status Source of classification or shelving scheme Damaged status Not for loan Collection code Home library Current library Date acquired Cost, normal purchase price Total Checkouts Full call number Barcode Date last seen Copy number Cost, replacement price Koha item type
    Dewey Decimal Classification   Not For Loan Non-fiction Patel Nagar Patel Nagar 25/09/2010 30.00   S CHA A-726532 25/09/2010 1 30.00 Children Books

© Delhi Public Library
Hit Counter
free hit counter